000 01508nam a2200445 a 4500
003 AR-BaBNM
005 20251128205428.0
008 082120s2002 ||||||||||||||000 | spa||
020 _a92-3-102447-7
040 _cAR-BaBNM
245 0 0 _aNuevas tendencias en la enseñanza de la biología
260 _aParís
_bUnesco
_c1987
300 _a222 p.
_bdiagr., tablas
490 0 _aLa enseñanza de las ciencias básicas. Biología
_vv. 5
500 _aUNESCO: ORGANIZACION DE LAS NACIONES UNIDAS PARA LA EDUCACION, LA CIENCIA Y LA CULTURA
504 _aContiene bibliografía al final de cada capítulo
650 4 _aBIOLOGIA
650 4 _aCALIDAD AMBIENTAL
650 4 _aEQUILIBRIO ECOLOGICO
650 4 _aBIOTECNOLOGIA
650 4 _aPAISES EN DESARROLLO
650 4 _aECOLOGIA HUMANA
650 4 _aENSEÑANZA DE LA BIOLOGIA
650 4 _aEVOLUCION
650 4 _aEXPERIMENTOS DE LABORATORIO
700 1 _aMayer, William V.
_ecolaborador
700 1 _aYoong, Cheong Siew
_ecolaborador
700 1 _aZverev, I.D.
_ecolaborador
700 1 _aBrumby, Margaret
_ecolaborador
700 1 _aNovak, Joseph D.
_ecolaborador
700 1 _aLehmann, Jürgen
_ecolaborador
700 1 _aCrovello, Theodore J.
_ecolaborador
700 1 _aKrasilchik, Myriam
_ecolaborador
700 1 _aEllis, James D.
_ecolaborador
700 1 _aLaing, Ebenezer
_ecolaborador
700 1 _aGuerra Sanz, José M.
_ecolaborador
700 1 _aCerveñansky, Carlos
_etraductor
942 _cBK
998 _cSILVI
999 _c11384
_d11384